000 00236nam a2200097Ia 4500
001 1024509
005 20250826231255.0
008 250824s9999 xx 000 0 und d
245 0 _aSÖZ
_cKAHRAMAN TAZEOĞLU
260 _bDESTEK YAYINLARI
999 _c1024509
_d1024509